ČASOVÝ ČINITEĽ PRI POSUDZOVANÍ STAVU NAPÄTIA ARMOVANÝCH NOSNÍKOV

Bibliographic Details
Main Author: Kruml, František (Author)
Format: Article
Language:Slovak

MARC

LEADER 00000nab a2200000uu 4500
001 vtls010894293
003 SK-MaSNL
005 20260303142101.0
008 230222|1956 xo |||||||||||||||||slo|
015 |a SNBRB 
035 |a (urnnbn)urn:nbn:sk:snk:ar-006gjv 
035 |a (uuid)a3316cc6-7e22-4a49-a58c-4035019ae6d4 
035 |a urn:nbn:sk:snk-ab8ngl 
040 |a SNKBUCL  |b slo  |c SNKBUCL  |e AACR2 
041 0 |a slo 
044 |a xo  |c SK 
100 1 |a Kruml, František  |4 aut  |9 1009647 
245 1 0 |a ČASOVÝ ČINITEĽ PRI POSUDZOVANÍ STAVU NAPÄTIA ARMOVANÝCH NOSNÍKOV  |c František Kruml 
773 0 |t Stavebnícky časopis : mesačník pre teoretické problémy stavebných látok a konštrukcií  |g Roč. 4, č. 2 (1956), s. 130-[137] 
954 |a odborná, vedecká literatúra pôvodná (slovenská)  |2 lita 
958 |a OND 
958 |a EUIPO 
958 |a article10 
999 |c 1980621  |d 1982551